| 000 | 00707nam a2200229 i 4500 | ||
|---|---|---|---|
| 001 | 58933 | ||
| 003 | ES-MaACL | ||
| 005 | 20250815085325.0 | ||
| 007 | t| | ||
| 008 | 031024s1985 sp ||||1| spa d | ||
| 020 | _a84-323-0504-9 | ||
| 100 | 1 |
_aElena, Alberto. _946927 |
|
| 245 | 1 | 4 |
_aLas quimeras de los cielos _b: aspectos epistemológicos de la revolución copernicana / _cAlberto Elena. |
| 250 | _a[1ª ed.]. | ||
| 260 |
_aMadrid : _bSiglo Veintiuno, _c1985. |
||
| 300 |
_aVIII, 237 p. ; _c21 cm. |
||
| 490 | 1 | _aCiencia y técnica | |
| 504 | _aBibliografía: p. 197-227. | ||
| 830 | 0 | 0 |
_aCiencia y técnica _9177702 |
| 852 |
_aES-MaACL _jL-7810 _bR.108299 |
||
| 999 |
_c58933 _d58933 |
||